Srimanmahabharatam (v.9): (Record no. 43939)

000 -LEADER
fixed length control field 00364nam a22001451a 4500
082 ## - DEWEY DECIMAL CLASSIFICATION NUMBER
Classification number S 294.592 3
Item number NAG/S
100 ## - MAIN ENTRY--AUTHOR NAME
Personal name Nagsharan Singh
245 ## - TITLE STATEMENT
Title Srimanmahabharatam (v.9):
Sub Title name index/
Statement of responsibility, etc by Nagsharan Singh
260 ## - PUBLICATION, DISTRIBUTION, ETC. (IMPRINT)
Place of publication Delhi:
Name of publisher Nag,
Year of publication 1988.
300 ## - PHYSICAL DESCRIPTION
Number of Pages 408p.
650 ## - SUBJECT ADDED ENTRY--TOPICAL TERM
Topical Term Mahabharata Shadiparvam
650 ## - SUBJECT ADDED ENTRY--TOPICAL TERM
Topical Term Hinduism
650 ## - SUBJECT ADDED ENTRY--TOPICAL TERM
Topical Term Religion
942 ## - ADDED ENTRY ELEMENTS (KOHA)
Koha item type Book
Holdings
Withdrawn status Lost status Damaged status Not for loan Permanent Location Current Location Date acquired Cost, normal purchase price Full call number Accession Number Cost, replacement price Price effective from Koha item type
        Sree Sankaracharya University of Sanskrit Sree Sankaracharya University of Sanskrit 08.01.2015 0.00 S 294.592 3 NAG/S 046616 0.00 08.01.2015 Book